Training report 1993

Zapisane w:
Opis bibliograficzny
1. autor: AVRDC
Format: Książka
Język:Undetermined
Wydane: Taiwan AVRDC 1993
Hasła przedmiotowe:
Etykiety: Dodaj etykietę
Nie ma etykietki, Dołącz pierwszą etykiete!
Thư viện lưu trữ: Trung tâm Học liệu Trường Đại học Cần Thơ
LEADER 00434nam a2200181Ia 4500
001 CTU_13370
008 210402s9999 xx 000 0 und d
082 |a 635.072 
082 |b T768 
100 |a AVRDC 
245 0 |a Training report 1993 
245 0 |c AVRDC 
260 |a Taiwan 
260 |b AVRDC 
260 |c 1993 
650 |a horticulture 
904 |i Minh, 961127 
980 |a Trung tâm Học liệu Trường Đại học Cần Thơ